00593nam a22001697a 450000500170000002000230001703500130004003700130005324500710006626000480013730000250018570000240021070000240023494200260025899900170028495201220030120120425150036.0 a818069139Xc800.00 aB-167350 aDPLbENG aTribal health and medicines /cedited by A.K. Kalla and P.C. Joshi aNew DelhibConcept Publishing Companyc2004 axiii, 447p.c20 cms. aKalla, A.K. 945744 aJoshi, P.C. 945745 2ddccENh307.772mTRI c65628d65628 001040708NFICaZLSbZLSd2012-04-25g800.00l0o307.772 TRIpB-167350r2012-04-25 00:00:00v800.00w2012-04-25yEN